BOFIT discussion papers (Record no. 6674)
[ view plain ]
| 000 -LEADER | |
|---|---|
| fixed length control field | 00478nas a22001817i 4500 |
| 001 - CONTROL NUMBER | |
| control field | 7888 |
| 003 - CONTROL NUMBER IDENTIFIER | |
| control field | OSt |
| 005 - DATE AND TIME OF LATEST TRANSACTION | |
| control field | 20170921101941.0 |
| 007 - PHYSICAL DESCRIPTION FIXED FIELD--GENERAL INFORMATION | |
| fixed length control field | tu |
| 008 - FIXED-LENGTH DATA ELEMENTS--GENERAL INFORMATION | |
| fixed length control field | 161220d19989999xxu|||m| |||| 00| 0 eng d |
| 022 ## - INTERNATIONAL STANDARD SERIAL NUMBER | |
| International Standard Serial Number | 1456-4564 |
| 024 7# - OTHER STANDARD IDENTIFIER | |
| Standard number or code | 7888 |
| Source of number or code | RID |
| 040 ## - CATALOGING SOURCE | |
| Transcribing agency | OSt |
| 041 ## - LANGUAGE CODE | |
| Language code of text/sound track or separate title | eng |
| 110 2# - MAIN ENTRY--CORPORATE NAME | |
| Corporate name or jurisdiction name as entry element | Bank of Finland, BOFIT - Institute for Economies in Transition |
| 245 00 - TITLE STATEMENT | |
| Title | BOFIT discussion papers |
| 260 ## - PUBLICATION, DISTRIBUTION, ETC. | |
| Place of publication, distribution, etc. | Helsinki, |
| Date of publication, distribution, etc. | ab 1999. |
| 362 ## - DATES OF PUBLICATION AND/OR SEQUENTIAL DESIGNATION | |
| Dates of publication and/or sequential designation | 1999- |
| 500 00 - GENERAL NOTE | |
| General note | bis auf einzelne Hefte nur online, nicht katalogisiert |
| 856 ## - ELECTRONIC LOCATION AND ACCESS | |
| Uniform Resource Identifier | <a href="https://helda.helsinki.fi/bof/handle/123456789/9">https://helda.helsinki.fi/bof/handle/123456789/9</a> |
| 856 ## - ELECTRONIC LOCATION AND ACCESS | |
| Uniform Resource Identifier | <a href="http://www.bof.fi/bofit_en/index.htm">http://www.bof.fi/bofit_en/index.htm</a> |
| 942 ## - ADDED ENTRY ELEMENTS (KOHA) | |
| Koha item type | Periodical |
| Withdrawn status | Lost status | Damaged status | Not for loan | Home library | Current library | Shelving location | Date acquired | Inventory number | Total Checkouts | Barcode | Date last seen | Price effective from | Koha item type |
|---|---|---|---|---|---|---|---|---|---|---|---|---|---|
| WIIW | WIIW | Library | 01/26/2009 | 7888 | 10003809 | 01/26/2017 | 01/26/2017 | Paper |
